000 00659nam a2200253 a 4500
001 nice12345678
003 IN_TiNIC
005 20260116012840.0
008 050524s1982 dela grp 000 0 eng
020 _a
_c120
082 0 0 _a954.0356
_bMAH
100 _aMahajan, Sneh
245 _aImperialist Strategy and Moderate Politics, Indian Legislature at Work 1909
260 _aDelhi
_bChanakya Publications
_c1982
300 _a316p
500 _aincludes index and biblioraphy
505 2 _aIndex
650 _aBritish-India Politics
650 _aIndia-History
700 1 _aMahajan, Sneh
902 _bSRS
942 _cBK
999 _c8628
_d8628